| 000 | 01712 a2200253 4500 | ||
|---|---|---|---|
| 001 | 87 | ||
| 005 | 20260407155407.0 | ||
| 008 | 260407a2000 arg spa d | ||
| 003 | AR-UNSa-BCEJYS | ||
| 040 |
_aAR-UNSa-BCEJYS _bspa _cAR-UNSa-BCEJYS |
||
| 080 |
_a658.5 _xPlanificación y control de la producción |
||
| 245 | 1 | 0 |
_aAdministración de producción y operaciones _pmanufactura y servicios |
| 020 | _a978-958-41-0071-9 | ||
| 250 | _a8a. ed | ||
| 264 | 1 |
_aBogotá : _bMcGraw-Hill _c2000 |
|
| 300 |
_axx, 885 p. _c27 cm |
||
| 505 | _a1. Intoducción al tema - 2. Estrategia de operaciones y competitividad - 3. Gerencia de proyectos - 4. Diseños del producto y selección del proceso,Manufactura - 5. Diseño del producto y selección del proceso,Servicios - 6. Gerenci de calidad - 7. Planeación estratégica de la capacidad - 8. Sistema de producción justo a tiempo.JIT - 9. Ubicación de las instalaciones - 10. Distribución de las instalaciones - 11. Diseño de cargos y medición del trabajo - 12. Manejo de la cadena de suministros - 13. Proyección - 14. Planeación total - 15. Sistemas de inventario para la demanda independiente - 16. Sistemas de inventario para la demanda dependiente.Sistemas de tipo MRP - 17. Programación de las operaciones - 18. Consultoria de operaciones - 19. Reingenieria de los procesos empresariales - 20. Manufactura sincrónica y teoría de las restricciones | ||
| 942 | _cBK | ||
| 590 | _aniveau_biblio:m niveau_hierar:0 | ||
| 100 | 1 | _aChase, Richard B. | |
| 700 | 1 | _aAquilano, Nicholas J | |
| 700 | 1 | _aJacobs, F. Robert | |
| 856 | 4 | 1 |
_uhttps://biblioeco.unsa.edu.ar/pmb/images/libros/Administracion de produccion y operacion.jpg _yImagen de portada _qimage/jpeg |
| 999 |
_c64 _d64 |
||